Polskie kluby piłkarskie A-Z - Statystyki

Ogólne statystyki
  • Ten quiz został rozwiązany 777 razy
  • Średni wynik to 12 z 17
Statystyki odpowiedzi
Litera Kluby % Poprawnych
L Legia Warszawa | Lech Poznań | +1
92%
R Raków Częstochowa | Radomiak Radom | +3
88%
W Widzew Łódź | Wisła Kraków | +4
87%
P Pogoń Szczecin | Piast Gliwice | +6
86%
A Arka Gdynia
84%
Ł ŁKS Łódź
82%
G Górnik Zabrze | GKS Katowice | +3
81%
J Jagiellonia Białystok
75%
C Cracovia | Chrobry Głogów | +1
74%
K Korona Kielce | Kotwica Kołobrzeg | +1
73%
O Odra Opole | Olimpia Elbląg | +1
72%
Z Zagłębie Lubin | Znicz Pruszków | +1
70%
Ś Śląsk Wrocław | Świt Szczecin
67%
M Motor Lublin | Miedź Legnica
66%
S Stal Mielec | Stal Rzeszów | +2
60%
H Hutnik Kraków
39%
B Bruk-Bet Termalica Nieciecza
34%
Nie znaleziono quizów pasujących do podanych kryteriów
Rozkład punktacji
Procent ludzi z każdym wynikiem
Percentyl według liczby udzielonych odpowiedzi
Twoja historia wyników
Nie rozwiązałeś tego quizu